| 000 -LEADER |
| fixed length control field |
00710cam a22002051 4500 |
| 001 - CONTROL NUMBER |
| control field |
19005 |
| 003 - CONTROL NUMBER IDENTIFIER |
| control field |
BD-DhUAP |
| 005 - DATE AND TIME OF LATEST TRANSACTION |
| control field |
20200128160118.0 |
| 008 - FIXED-LENGTH DATA ELEMENTS--GENERAL INFORMATION |
| fixed length control field |
200128t19681960ilua b 000 0 eng |
| 040 ## - CATALOGING SOURCE |
| Original cataloging agency |
DLC |
| Transcribing agency |
ODaWU |
| Modifying agency |
OCoLC |
| -- |
BD-DhUAP |
| 042 ## - AUTHENTICATION CODE |
| Authentication code |
premarc |
| 082 ## - DEWEY DECIMAL CLASSIFICATION NUMBER |
| Classification number |
330 SEN |
| Edition number |
23 |
| 100 1# - MAIN ENTRY--PERSONAL NAME |
| Personal name |
Sen, Dilip Kumar. |
| 245 10 - TITLE STATEMENT |
| Title |
An interface-methodology of accounting, economics and finance in the perspective of socio-ecomomic development within SAARC / |
| Statement of responsibility, etc. |
Dilip Kumar Sen. |
| 260 ## - PUBLICATION, DISTRIBUTION, ETC. |
| Place of publication, distribution, etc. |
Dhaka : |
| Name of publisher, distributor, etc. |
The University Grants Commission of Bangladesh, |
| Date of publication, distribution, etc. |
c2014. |
| 300 ## - PHYSICAL DESCRIPTION |
| Extent |
xxvi, 367 pages : |
| Other physical details |
illustrations ; |
| Dimensions |
26 cm. |
| 650 #0 - SUBJECT ADDED ENTRY--TOPICAL TERM |
| Topical term or geographic name entry element |
Economics. |
| 906 ## - LOCAL DATA ELEMENT F, LDF (RLIN) |
| a |
7 |
| b |
cbc |
| c |
oclcrpl |
| d |
u |
| e |
ncip |
| f |
19 |
| g |
y-gencatlg |
| 942 ## - ADDED ENTRY ELEMENTS (KOHA) |
| Source of classification or shelving scheme |
|
| Koha item type |
Book |